000 00506nam a2200181Ia 4500
001 20307
005 20260306172756.0
008 260306t2004||||xx |||||||||||||| ||spa||
041 _aESP
082 _a343.1
_bT44
100 _aDiaz Revorio, F. Javier (Comp.)
_eAUT
245 0 _aTextos constitucionales históricos:
_bel constitucionalismo europeo y americano en sus documentos
260 _c2004
300 _a693 páginas :
_c24 cm.
650 _aGEN
654 _aCDE
942 _cLIB
_dJUS
_fJUS
_2ddc
_n
999 _c20307
_d20307